00577nam a22001337a 4500008004100000082001800041245018500059260004200244300001000286710002400296942001200320999001300332952009800345230609b xxu||||| |||| 00| 0 eng d a354.6200bGOK aReport of the Auditor-General on the Appropriation Accounts Other Public Accounts and the Accounts of the funds of the Republic of Kenya for the year 2008/2009cGovernment of Kenya aKenyabGovernment of Kenyac2008/2009 a764 p bGovernment of Kenya 2ddccBK c991d991 00102ddc4070a001b001d2023-06-09l0o354.6200 GOKp100001494r2023-06-09w2023-06-09yBK